Σύμβολα και νοήματα στους διαμορφομένους τρόπους σκέψης και λογικού συλλογισμού των εκπαιδευόμενων : πτυχιακή εργασία

Αποθηκεύτηκε σε:
Λεπτομέρειες βιβλιογραφικής εγγραφής
Κύριος συγγραφέας: Μασαρτσή, Ειρήνη
Συγγραφή απο Οργανισμό/Αρχή: Πανεπιστήμιο Αιγαίου. Σχολή Κοινωνικών Επιστημών. Τμήμα Πολιτισμικής Τεχνολογίας και Επικοινωνίας
Άλλοι συγγραφείς: Βανδουλάκης, Ιωάννης Μ. (Εισηγητής διατριβής)
Μορφή: Thesis Βιβλίο
Γλώσσα:Greek
Δημοσίευση: Μυτιλήνη : Πανεπιστήμιο Αιγαίου, Τμήμα Πολιτισμικής Τεχνολογίας και Επικοινωνίας, 2005
Θέματα:
Ετικέτες: Προσθήκη ετικέτας
Δεν υπάρχουν, Καταχωρήστε ετικέτα πρώτοι!

MARC

LEADER 00000cam a2200000 i 4500
001 1/23912
008 060210s2005 gre d
035 |l 10082548 
040 |a GR-MY-UA  |b gre  |e aacr 
041 0 |a gre 
082 0 |a 510  |2 (22) 
100 1 |a Μασαρτσή, Ειρήνη. 
245 1 0 |a Σύμβολα και νοήματα στους διαμορφομένους τρόπους σκέψης και λογικού συλλογισμού των εκπαιδευόμενων :  |b πτυχιακή εργασία /  |c Μασαρτσή Ειρήνη ; υπεύθυνος καθηγητής Βανδουλάκης Ιωάννης 
260 |a Μυτιλήνη :   |b Πανεπιστήμιο Αιγαίου, Τμήμα Πολιτισμικής Τεχνολογίας και Επικοινωνίας,   |c 2005 
300 |a 101 σ.;  |b εικ.;  |c 30 εκ. 
500 |a Μέλη εξεταστικής επιτροπής: Βανδουλάκης Ιωάννης, Δημαράκη Ευαγγελία, Μπουμπάρης Νικόλαος 
502 # # |a Πτυχιακή εργασία – Πανεπιστήμιο Αιγαίου, Λέσβος, 2005. 
504 |a Βιβλιογραφία: 95-101 
650 0 0 |a Semiotics. 
650 0 0 |a Logic, Symbolic and mathematical. 
650 0 0 |a Semantics (Philosophy) 
650 0 0 |a Signs and symbols. 
650 0 0 |a Dissertations, Academic  |z Greece. 
700 1 |4 ths  |a Βανδουλάκης, Ιωάννης Μ. 
710 2 |a Πανεπιστήμιο Αιγαίου.   |b Σχολή Κοινωνικών Επιστημών.   |b Τμήμα Πολιτισμικής Τεχνολογίας και Επικοινωνίας. 
852 |a INST  |b LESVOS  |c DIATR  |e 20060210  |h 101  |p 005100034292  |q 005100034292  |t DIE  |y 23 
852 |a INST  |b LESVOS  |c DIATR  |e 20060227  |h 102  |p 005100035669  |q 005100035669  |t DIE  |y 23 
901 |a BIBL1-2006-1 
909 |a Λ  |b 125232 
909 |a Λ  |b 125233 
924 |a ΜΑΣΑΡΤΣΗ  |b ΕΙΡΗΝΗ  |y ΛΕΣΒΟΣ  |z 2005-11 
970 |a ΜΑΡΙΝΑΤΟΥ  |b ΜΥΡΣΙΝΗ  |z 2006/02/10